=LDR 00000nam 2200000 4500 =001 000468 =005 20250710091245 =035 ##$$a 0010-0725000330 =007 ta =008 250710################a##########0#ind## =020 ##$$a 978-623-472-626-8 =082 ##$$a 398.209 598 =084 ##$$a 398.209 598 CHO k =100 #$$a Chokkan N. =245 1#$$a Kemal si Detektif Cilik /$c N. Chokkan =250 ##$$a Cetakan Pertama 2024 =260 ##$$a Jakarta :$b Badan Pengembangan dan Pembinaan Bahasa,$c 2022 =300 ##$$a 20 hlm : $b Ilus. ; $c 22,9 cm =650 #4$$a Cerita Anak Indonesia - Terjemahan =650 #4$$a Literasi- Bahan Bacaan =990 ##$$a TBM02180218